Quizzes
Events
Quiz Creation
Community
Videos
Private Events
Remove Ads
Sign In
Join for FREE
Feedback
Dark Mode
Quiz Categories
Sports
Geography
Music
Movies
Television
Just For Fun
Miscellaneous
History
Literature
Language
Science
Gaming
Entertainment
Religion
Holiday
For Kids
Quiz Lab
Recent
Popular Today
Quiz Kudos Today
Editor Picks
Curator Picks
Quizzes by...
Day
Popularity
Type
Ratings
Length
Year
Community
Subscriptions
Recent Discussions
Orange Saloon
Badges
Playlists
Quests
Create
Leaderboards
Showdown
Live 5
Trivia Bingo
Activity
Puzzle Library
Sporcle Events
Private Events
Virtual Trivia
Globe League
Become a Host
Pub Owners
SporcleCon
Opinionation
Our Games
Videos
Blog
Mobile Apps
Partnerships
Remove Ads and Go Orange
Feedback
Entertainment
Celebrity
Famous
Musical
Broadway
Show
Quote
Comic Books
Anime
Superhero
DC Comics
Marvel
Cartoons
Animation
Entertainment
Celebrity
Famous
Musical
Broadway
Show
Quote
Comic Books
Anime
Superhero
DC Comics
Marvel
Cartoons
Animation
Random Quiz
Search Sporcle
×
Quiz Lab
Quiz Lab
Entertainment
Broadway
Type in answers that appear in a list
Type in answers that appear in a list
Classic
Best Score? Go Orange.
Best Musical Revival Nominees Stats
Can you name the Tony Nominees for Best Revival of a Musical?
By
paultoes
10m
67 Questions
463 Plays
463 Plays
463 Plays
Comments
Comments
Give Quiz Kudos
Give Quiz Kudos
-
- Ratings
hide this ad
More Info
Replay
Link that replays current quiz
Next Quiz
Link to next quiz in quiz playlist
You Got
0%
They Got
Avg Score
60%
Avg Friend Score
Upgrade to see
Score Distribution
Jump to the score distribution portion of the page
Score
0/67
Timer
10:00
0
Plays Today
% Correct
CHICAGO
82.7%
Annie
79.5%
SOUTH PACIFIC
79.5%
CABARET
77.8%
THE KING AND I
77.3%
CAROUSEL
77.1%
HAIR
77.1%
INTO THE WOODS
76.9%
Oklahoma!
76.9%
ANYTHING GOES
76.5%
Gypsy
75.8%
Gypsy
75.8%
West Side Story
75.8%
Company
74.9%
COMPANY
74.9%
How to Succeed in Business Without Really Trying
74.7%
How to Succeed in Business Without Really Trying
74.7%
Sweeney Todd
74.5%
KISS ME, KATE
73%
Guys and Dolls
71.7%
Evita
71.3%
The Sound of Music
71.1%
LA CAGE AUX FOLLES
70.6%
LA CAGE AUX FOLLES
70.6%
ANNIE GET YOUR GUN
70.4%
Follies
68.9%
SHOW BOAT
68.9%
A Little Night Music
68.7%
Follies
68.3%
42nd STREET
68%
Fiddler on the Roof
67.4%
A Funny Thing Happened on the Way to the Forum
66.3%
THE PAJAMA GAME
65.7%
The Gershwins' Porgy and Bess
65.1%
% Correct
Damn Yankees
64.6%
A Chorus Line
63.9%
Hello, Dolly!
63.7%
Jesus Christ Superstar
63.5%
Jesus Christ Superstar
63.4%
NINE
61.8%
Sunday in the Park with George
61.1%
Grease
60%
Grease
60%
The Music Man
59.6%
ASSASSINS
59.2%
Ragtime
58.3%
Man of La Mancha
55.9%
1776
55.7%
Wonderful Town
54%
Sweet Charity
53.1%
She Loves Me
49.9%
Pacific Overtures
47.9%
Pal Joey
46.7%
Big River
43.4%
Finian's Rainbow
42.8%
You're a Good Man, Charlie Brown
41.7%
The Threepenny Opera
40.2%
Little Me
38.9%
Peter Pan
38.4%
The Apple Tree
38%
110 in the Shade
37.8%
Bells Are Ringing
37.6%
The Rocky Horror Show
36.7%
Candide
35.6%
Once Upon a Mattress
33.9%
La bohème
29.4%
Tango Argentina
27%
Quiz Playlist
Details
Report
Send in Message
Add To Playlist
More Info:
The Tony award for Best Revival of a Musical was created in 1994. Can you name all the shows that have been nominated? (Updated for 2012)
Classic:
Type in answers that appear in a list
Quiz Source
Last Updated: Feb 16, 2017
Quiz Scoreboard
CHALLENGE
Sign Up to Join the Scoreboard
Show All
Scores
Hide
Comments
May contain spoilers
Recently Published
TV Characters by Other Roles V
by ghcgh
Television
5m
Decade Duel: World Leaders
by jenniferyan
History
4m
Alphabetical 'K' Countries by Flag Minefield
by ylime102
Geography
3m
More to Explore
Quiz From the Vault
Featured Blog Post
15 Basketball Trivia Facts You Can Be March Mad About
hide this ad
You Might Also Like...
Tags
Broadway Quiz
Musical Quiz
Broadway Musicals
Broadway Shows
Musical Theater
nomination
Revival
Tony Awards
Today's Top Quizzes in Entertainment
Browse Entertainment
hide this ad
Today's Top Quizzes in Broadway
Browse Broadway
Top Contributed Quizzes in Entertainment
1
B Names for Actresses
2
Decade Duel: Actor
3
C Names for Actors
4
C Names for Actresses
5
Decade Duel: Actress
6
D Names for Actors
7
D Names for Actresses
8
Eurovision 2023 Logic Puzzle
9
The Joker Actors by Order
10
B Names for Actors
Explore More
Trending Topics
Kpop
Marvel
Anime
Harry Potter
NBA
Disney
Crossword
WWE
Soccer
Pokémon
Song
The Office
Country
Puzzle
NFL
hide this ad
More By:
paultoes
Quiz
Plays
Rating
Category
Featured
Created
Movies by First Frame
174,322
4.12
Movies
May 18, 2014
1990s Movie Slideshow
149,643
4.50
Movies
Jul 31, 2013
1980s Movie Slideshow
135,360
4.76
Movies
Aug 4, 2013
1970s Movie Slideshow
114,880
4.65
Movies
Sep 7, 2013
Movies by First Frame II
114,128
4.15
Movies
May 18, 2014
Go to Creator's Profile
Score Distribution
Quiz Creator Spotlight
paultoes
Follow
Send a Message
Quizzes Created
-
Created Quiz Play Count
-
More By This Creator
Popular Quizzes Today
1
Countries of Asia Without Outlines Minefield
2
Find the US States - No Outlines Minefield
3
Pick 6: Fruits
4
The Countries of the World
5
Find the Countries of Europe - No Outlines Minefield
6
Alphabetical 'K' Countries by Flag Minefield
7
Find the US States
8
US States
More Entertainment Quizzes
Dragon Ball Z Characters: Odd One Out
Quiz Lab
Trending Quizzes
Pick 6: Mountains
Pick 6: Harry Potter
Pick 6: NFL Teams
Pick 6: Flags
C Names for Actors
Recently Updated
Adaptations: Name the Title
pecheneg
NWSL Teams
pecheneg
Women's Final Four Teams by Year
bhenderson79
Presidents Quartet II
eogle
Anything But Clue(do)
eogle
Anything But Oceanian Capitals
eogle
Anything But 7
eogle
Anything But Thing
eogle
Word Ladder: February 29
pecheneg
Song Title Questions
pecheneg
Trending Topics
Kpop
Crossword
Anime
Harry Potter
Marvel
Disney
NBA
Song
Pokémon
Puzzle
Country
NFL
WWE
Soccer
The Office
Your Account Isn't Verified!
In order to create a playlist on Sporcle, you need to verify the email address you used during registration. Go to your
Sporcle Settings
to finish the process.
Report this User
Report this user for behavior that violates our
Community Guidelines
.
Details:
Send Report
Go to the Sporcle.com Mobile Site →
Comments